000 00600nam a2200229Ia 4500
003 OSt
005 20221007072328.0
006 a|||||r|||| 00| 0
007 ta
008 221006b |||||||| |||| 00| 0 eng d
024 _a13,015
037 _cTextual
040 _aFLL
_cFLL
_beng
041 _2eng
_aeng
082 _aV5N, K7
100 _aBodenheimer Susanne J. Au.
_9690482
245 0 _aPolitical union
260 _aLondon
_bStevens & Sons London
_c1967
300 _a229p
_ccm.
942 _hV5N, K7
_cTEXL
_2CC
999 _c1145765
_d1145765